| 000 | 00454nam a2200169Ia 4500 | ||
|---|---|---|---|
| 008 | 191130s2008##################000#0#eng## | ||
| 020 | _a9780273694588 | ||
| 040 |
_aACL _cACL |
||
| 082 | _a650.0151 WAT | ||
| 100 | _aWaters, Donald | ||
| 245 |
_aQuantitative methods for business _cDonald Waters |
||
| 250 | _a4th ed | ||
| 260 |
_aNew York _bPrentice Hall _c2008 |
||
| 990 | _ac1184d12ac10000c0aa384d0d0995435 | ||
| 991 | _a357363 | ||
| 999 |
_c285244 _d285244 |
||